000 00595nam a2200265Ia 4500
005 20260306164417.0
008 008 260114s9999 xx 000 0 eng d
020 _a9789882209862
037 _aEBOOK
040 _aCRL
040 _beng
040 _cCRL
041 _2eng
041 _aeng
084 _qCRL
100 _aEspinasse
_91130660
245 0 _aIpo
260 _bHong Kong University Press
260 _c2012
650 _aEconomics & Finance
856 _uhttps://academic.oup.com/book/13494
942 _cEBOOK
999 _c1713972
_d1713972